000 00438nam a2200169Ia 4500
005 20250508155103.0
008 008 250505s9999 xx 000 0 hin d
037 _aBooks to be hide in OPAC
040 _aFEDL
_beng
_cFEDL
041 _ahin
_2eng
084 _a330.9, IND/O
_qFEDL
245 0 _aAnn sankat aur naya morcha
260 _c1966
300 _a13p.
942 _cHB
_h330.9, IND/O
999 _c1354049
_d1354049